000 00343pab a2200145 454500
008 180718b2000 xxu||||| |||| 00| 0 eng d
100 _aGourdon, Come Carpentier De
245 _aWhither the European Union?
260 _c2000
300 _ap.66-79
362 _aJul
650 _aEuropean Union
773 _aWorld Affairs
909 _a46765
999 _c46765
_d46765